Lịch sử tỉnh Vĩnh Long (1732 - 2000)

Gespeichert in:
Bibliographische Detailangaben
1. Verfasser: Ban Tuyên Giáo Tỉnh Ủy Vĩnh Long
Format: Buch
Sprache:Undetermined
Veröffentlicht: H. CTQG 2002
Schlagworte:
Tags: Tag hinzufügen
Keine Tags, Fügen Sie den ersten Tag hinzu!
Thư viện lưu trữ: Trung tâm Học liệu Trường Đại học Cần Thơ
LEADER 00588nam a2200217Ia 4500
001 CTU_58435
008 210402s9999 xx 000 0 und d
020 |b 65000 
082 |a 959.703 
082 |b B105 
100 |a Ban Tuyên Giáo Tỉnh Ủy Vĩnh Long 
245 0 |a Lịch sử tỉnh Vĩnh Long (1732 - 2000) 
245 0 |c Ban Tuyên Giáo Tỉnh Ủy Vĩnh Long 
260 |a H. 
260 |b CTQG 
260 |c 2002 
650 |a vietnam 
650 |x history 
650 |z vinh long 
904 |i Minh 
980 |a Trung tâm Học liệu Trường Đại học Cần Thơ